| 000 | 00686nam a2200217 4500 | ||
|---|---|---|---|
| 003 | AM-YEHGA | ||
| 005 | 20260309164110.0 | ||
| 008 | 260216s1923 un ||||| |||| 00| 0 rus d | ||
| 040 | _aAM-YeHGA | ||
| 041 | 0 | _arus | |
| 100 | 1 | _aКрайний, В. | |
| 245 | 1 | 0 |
_aЛенин / _cСост. В. Крайний, М. Беспалов ; Под ред. Д. Лебедя. |
| 260 |
_aХарьков _bМолодой рабочий, _c1923. |
||
| 300 |
_a231 с. : _bил. |
||
| 600 | 1 | 4 | _aЛенин, Владимир Ильич |
| 650 | 1 | 4 |
_aИстория _zРоссия |
| 700 | 1 | _aБеспалов, М. | |
| 710 | 1 |
_aЛебед, Д. _bред. |
|
| 942 |
_2udc _cBK |
||
| 001 | 2050169 | ||
| 999 |
_c541596 _d541596 |
||